South Indian economy : agrarian change, industrial structure and state policy 1914-1947 (Record no. 154303)

MARC details
000 -LEADER
fixed length control field 00456nam a2200145Ia 4500
008 - FIXED-LENGTH DATA ELEMENTS--GENERAL INFORMATION
fixed length control field 161229s9999 xx 000 0 und d
082 ## - DEWEY DECIMAL CLASSIFICATION NUMBER
Classification number 330.9 SAB/SO
245 ## - TITLE STATEMENT
Title South Indian economy : agrarian change, industrial structure and state policy 1914-1947
260 ## - PUBLICATION, DISTRIBUTION, ETC. (IMPRINT)
Name of publisher, distributor, etc. Oxford University Press
Place of publication, distribution, etc. Oxford
Date of publication, distribution, etc. 1991
300 ## - PHYSICAL DESCRIPTION
Extent xxxvii, 292
700 ## - ADDED ENTRY--PERSONAL NAME
Personal name Raman Mahadevan, ed.
700 ## - ADDED ENTRY--PERSONAL NAME
Personal name Sabyasachi Battacharya,ed.
700 ## - ADDED ENTRY--PERSONAL NAME
Personal name Sumit Guha, ed.
942 ## - ADDED ENTRY ELEMENTS (KOHA)
Koha item type Books (General)
Holdings
Withdrawn status Lost status Damaged status Not for loan Home library Current library Date acquired Cost, normal purchase price Total Checkouts Full call number Barcode Date last seen Price effective from Koha item type Public note
        KAU Central Library, Thrissur KAU Central Library, Thrissur 29/12/2016 290.00   330.9 SAB/SO 905612 29/12/2016 29/12/2016 Books (General) Book transferred from CCBM Library ,Acc.No:2495
Kerala Agricultural University Central Library
Thrissur-(Dt.), Kerala Pin:- 680656, India
Ph : (+91)(487) 2372219
E-mail: librarian@kau.in
Website: http://library.kau.in/